Stability, Trim and Cargo Calculations on M. V. Hindship and Oil Tankers / (Record no. 1535)

000 -LEADER
fixed length control field 00729nam a2200253Ia 4500
007 - PHYSICAL DESCRIPTION FIXED FIELD--GENERAL INFORMATION
fixed length control field ta
008 - FIXED-LENGTH DATA ELEMENTS--GENERAL INFORMATION
fixed length control field 190805r20022012ii a|||g||||||||| ||und||
020 ## - INTERNATIONAL STANDARD BOOK NUMBER
Terms of availability Rs. 450.00
040 ## - CATALOGING SOURCE
Original cataloging agency IMU Kochi Library
Language of cataloging eng
041 0# - LANGUAGE CODE
Language code of text/sound track or separate title eng
044 ## - COUNTRY OF PUBLISHING/PRODUCING ENTITY CODE
MARC country code India
082 04 - DEWEY DECIMAL CLASSIFICATION NUMBER
Classification number 623.8171
Item number J7741
Edition number 23
100 1# - MAIN ENTRY--PERSONAL NAME
Personal name Joseph, T. K.
245 10 - TITLE STATEMENT
Title Stability, Trim and Cargo Calculations on M. V. Hindship and Oil Tankers /
250 ## - EDITION STATEMENT
Edition statement 3rd ed.
260 ## - PUBLICATION, DISTRIBUTION, ETC. (IMPRINT)
Place of publication, distribution, etc New Delhi :
Name of publisher, distributor, etc Applied Research International Pvt. Ltd.,
Date of publication, distribution, etc 2002, reprinted 2012.
300 ## - PHYSICAL DESCRIPTION
Extent 321 p. :
Other physical details ill. ;
Dimensions 28 cm.
650 #0 - SUBJECT ADDED ENTRY--TOPICAL TERM
Topical term or geographic name as entry element Stability of ships
650 #0 - SUBJECT ADDED ENTRY--TOPICAL TERM
Topical term or geographic name as entry element Cargo handling
700 ## - ADDED ENTRY--PERSONAL NAME
Personal name Rewari, S. S. S.
Relator term Joint Author
852 ## - LOCATION/CALL NUMBER
Location IMU Kochi Library
904 ## - LOCAL DATA ELEMENT D, LDD (RLIN)
CATALOGER Akhil Bose
942 ## - ADDED ENTRY ELEMENTS (KOHA)
Item type Reference book
Holdings
Withdrawn status Lost status Source of classification or shelving scheme Damaged status Not for loan Collection code Permanent location Current location Shelving location Date acquired Source of acquisition Cost, normal purchase price Total Checkouts Total Renewals Full call number Barcode Date last seen Date last borrowed Koha item type Public note
          Nautical Science IMU Kochi Library IMU Kochi Library General Stacks 2013-02-28 M/s Sterling Book House (Inv. No.2284 dt. 2013-02-19) 450.00 18 1 623.8171 J7741 BK000624 2026-04-20 2026-03-13 Books Gen. Shelf-13, Row-2
          Nautical Science IMU Kochi Library IMU Kochi Library General Stacks 2013-02-28 M/s Sterling Book House (Inv. No.2284 dt. 2013-02-19) 450.00 13 3 623.8171 J7741 BK000625 2025-10-03 2025-08-11 Books Gen. Shelf-13, Row-2
          Nautical Science IMU Kochi Library IMU Kochi Library General Stacks 2023-01-12 M/S Sterling Book House (INV/5860 Dt. 2023-01-03) 575.00 3 4 623.8171 J7741 BK005843 2025-09-17 2025-08-19 Books Gen. Shelf-13, Row-2
          Nautical Science IMU Kochi Library IMU Kochi Library General Stacks 2023-01-12 M/S Sterling Book House (INV/5860 Dt. 2023-01-03) 575.00 7 1 623.8171 J7741 BK005844 2025-09-22 2025-09-09 Books Gen. Shelf-13, Row-2
          Nautical Science IMU Kochi Library IMU Kochi Library General Stacks 2024-11-20 Books received from the Stores 520.00     623.8171 J7741 G0265 2024-11-20   Gratis Books Gen. Shelf-13, Row-2
          Nautical Science IMU Kochi Library IMU Kochi Library General Stacks 2024-11-20 Books received from the Stores 520.00     623.8171 J7741 G0266 2024-11-20   Gratis Books Gen. Shelf-13, Row-2


Copyright © All Rights Reserved by Indian Maritime University, Kochi Campus.
For any Suggestions/Query Contact to library or Email: library.kochi@imu.ac.in Ph:(0484)-2989402
(Web OPAC Designed by Rudra Ranjan. Maintained by IMU Kochi Library)

Powered by Koha